Ramones ~ Pet Sematary - Statistics

General Stats
  • This quiz has been taken 27 times
  • The average score is 198 of 276
Answer Stats
Answers % Correct
a
100%
don't
94%
Don't
94%
I
94%
in
94%
live
94%
pet
94%
to
94%
when
94%
be
89%
life
89%
my
89%
sematary
89%
want
89%
again
83%
buried
83%
the
83%
The
83%
and
78%
And
78%
No
78%
no
78%
night
72%
is
67%
not
61%
oh
61%
goblins
56%
of
56%
all
50%
All
50%
Ancient
50%
me
50%
can
44%
Come
44%
death
44%
one
44%
out
44%
you
44%
air
39%
around
39%
cares
39%
cold
39%
day
39%
ground
39%
place
39%
smell
39%
Under
39%
victor
39%
Victor
39%
warlords
39%
wind
39%
ain't
33%
arc
33%
blows
33%
bones
33%
can't
33%
chill
33%
close
33%
dream
33%
escape
33%
feel
33%
knows
33%
making
33%
moon
33%
nobody
33%
sacred
33%
sound
33%
stain
33%
This
33%
this
33%
among
28%
bright
28%
cry
28%
full
28%
hear
28%
Molars
28%
Skeletons
28%
still
28%
sudden
28%
tombstones
28%
weather
28%
away
22%
boards
22%
clicking
22%
cries
22%
curse
22%
dance
22%
fangs
22%
flesh
22%
grinning
22%
Listen
22%
moaning
22%
right
22%
rotting
22%
shout
22%
Someone
22%
something
22%
Spirits
22%
wolves
22%
From
11%
No matching quizzes found
Score Distribution
Percent of People with Each Score
Percentile by Number Answered
Your Score History
You have not taken this quiz